[Event "World Senior 50+ 2019"]
[Site "Bucharest ROU"]
[Date "2019.11.14"]
[Round "3.31"]
[White "Breitkopf, F."]
[Black "Cubas Pons, Ju"]
[Result "0-1"]
[WhiteElo "2016"]
[BlackElo "2203"]
[PlyCount "78"]
[EventDate "2019.11.12"]
[EventType "swiss"]
[EventRounds "11"]
[EventCountry "ROU"]
[SourceTitle "The Week in Chess 1306"]
[Source "Mark Crowther"]
[SourceDate "2019.11.18"]
[SourceVersion "1"]
[SourceVersionDate "2019.11.18"]
[SourceQuality "2"]

1. c4 e6 2. e3 d5 3. Nf3 Nf6 4. b3 Bd6 5. Nc3 O-O 6. Be2 c5 7. O-O d4 8. exd4
cxd4 9. Nb5 Nc6 10. Nxd6 Qxd6 11. d3 e5 12. Ne1 Bf5 13. Bf3 Rfe8 14. Bxc6 bxc6
15. f3 c5 16. Rf2 Nd7 17. Kh1 Nf8 18. g4 Bd7 19. a3 a5 20. Bd2 Bc6 21. Rb1 Qg6
22. h3 f5 23. Rg2 h5 24. gxh5 Qxh5 25. Kh2 f4 26. Qe2 Re6 27. Rg4 Rh6 28. Qg2
Qf7 29. Qe2 Bd7 30. Qxe5 Re8 31. Qxf4 Rf6 32. Qg5 Bxg4 33. hxg4 Nh7 34. Qxc5
Re2+ 35. Kg3 Rxd2 36. Qxa5 Re2 37. Qd8+ Nf8 38. Qxd4 Qc7+ 39. f4 Ne6 0-1

[Event "World Senior 50+ 2019"]
[Site "Bucharest ROU"]
[Date "2019.11.15"]
[Round "4.25"]
[White "Cubas Pons, Ju"]
[Black "Kainz, J."]
[Result "1-0"]
[WhiteElo "2203"]
[BlackElo "1937"]
[PlyCount "85"]
[EventDate "2019.11.12"]
[EventType "swiss"]
[EventRounds "11"]
[EventCountry "ROU"]
[SourceTitle "The Week in Chess 1306"]
[Source "Mark Crowther"]
[SourceDate "2019.11.18"]
[SourceVersion "1"]
[SourceVersionDate "2019.11.18"]
[SourceQuality "2"]

1. c4 g6 2. Nc3 Bg7 3. Nf3 c5 4. a3 Nc6 5. Rb1 a5 6. g3 d6 7. Bg2 Nf6 8. O-O
O-O 9. d3 Rb8 10. Bg5 Ng4 11. h3 h6 12. Bd2 Nf6 13. Ne1 e5 14. Nc2 Be6 15. Nd5
Bxd5 16. cxd5 Ne7 17. e4 a4 18. Kh2 b5 19. f4 Nh7 20. fxe5 dxe5 21. Qc1 h5 22.
Be3 Qc7 23. Nb4 Qb7 24. Qxc5 Rfc8 25. Qd6 Rd8 26. Qa6 Qd7 27. Rbc1 Ra8 28. Qb6
Bf8 29. Qc7 Nc8 30. Qxe5 Bg7 31. Qf4 g5 32. Qf2 h4 33. gxh4 Be5+ 34. Kh1 gxh4
35. Qxh4 Bxb2 36. Qg3+ Kh8 37. Rc2 Qd6 38. Bf4 Qf6 39. Bc1 Be5 40. Bf4 Bxf4 41.
Rxf4 Qa1+ 42. Rf1 Qd4 43. Rxf7 1-0

[Event "World Senior 50+ 2019"]
[Site "Bucharest ROU"]
[Date "2019.11.16"]
[Round "5.10"]
[White "Movsziszian, K."]
[Black "Cubas Pons, Ju"]
[Result "1-0"]
[WhiteElo "2470"]
[BlackElo "2203"]
[PlyCount "85"]
[EventDate "2019.11.12"]
[EventType "swiss"]
[EventRounds "11"]
[EventCountry "ROU"]
[SourceTitle "The Week in Chess 1306"]
[Source "Mark Crowther"]
[SourceDate "2019.11.18"]
[SourceVersion "1"]
[SourceVersionDate "2019.11.18"]
[SourceQuality "2"]

1. g3 d5 2. Bg2 e5 3. d3 Nf6 4. Nf3 Bd6 5. O-O O-O 6. Nc3 c6 7. e4 h6 8. h3
dxe4 9. dxe4 Qe7 10. Nh4 Na6 11. a3 Rd8 12. Qf3 Nh7 13. Nf5 Qf6 14. h4 Be6 15.
Re1 Bc5 16. Nd1 Rd7 17. Nde3 Qd8 18. Ng4 Bf8 19. Nxe5 Qa5 20. Bf4 Bxf5 21. exf5
Re7 22. b4 Qa4 23. Qb3 Qxb3 24. cxb3 Rae8 25. Kf1 Nf6 26. Nc4 Nc7 27. Rxe7 Rxe7
28. Be3 a6 29. Nb6 Nb5 30. Bf3 Ne4 31. Bxe4 Rxe4 32. Rd1 Be7 33. Nc4 Bf6 34.
Kg2 Nc3 35. Rd7 b5 36. Nd6 Re7 37. Rd8+ Kh7 38. Bc5 Nb1 39. a4 bxa4 40. bxa4 a5
41. bxa5 Re5 42. Nxf7 Bxd8 43. Nxe5 1-0

[Event "1st Niteroi Chess Open"]
[Site "Niteroi BRA"]
[Date "2019.09.06"]
[Round "5.7"]
[White "Ermel, Francisco Roberto"]
[Black "Cubas, Jo"]
[Result "0-1"]
[WhiteElo "2086"]
[BlackElo "2482"]
[PlyCount "108"]
[EventDate "2019.09.04"]
[EventType "swiss"]
[EventRounds "7"]
[EventCountry "BRA"]
[SourceTitle "The Week in Chess 1298"]
[Source "Mark Crowther"]
[SourceDate "2019.09.23"]
[SourceVersion "1"]
[SourceVersionDate "2019.09.23"]
[SourceQuality "2"]

1. e4 c5 2. Nf3 Nc6 3. d3 g6 4. g3 Bg7 5. Bg2 e5 6. O-O Nge7 7. Nc3 d6 8. Nd2
h5 9. Nc4 Nd4 10. Nd5 Nxd5 11. exd5 b5 12. Ne3 h4 13. c3 Nf5 14. Qe2 Bd7 15.
Bd2 O-O 16. Nxf5 Bxf5 17. Be3 Bd7 18. Qd2 hxg3 19. hxg3 f5 20. f4 exf4 21. Bxf4
Qf6 22. Bg5 Qf7 23. Rae1 Be5 24. Bf4 Bxf4 25. Qxf4 Qf6 26. Rf2 Rae8 27. Rfe2 g5
28. Qd2 Rxe2 29. Rxe2 Rf7 30. Bf3 Rh7 31. Rh2 Rxh2 32. Kxh2 Qh6+ 33. Kg1 Kg7
34. Qe3 Qf6 35. a3 a5 36. Kf2 Kf8 37. Bg2 f4 38. gxf4 gxf4 39. Qf3 Qh4+ 40. Kf1
Bf5 41. Kg1 Ke7 42. Bh1 b4 43. axb4 axb4 44. cxb4 cxb4 45. d4 Kf6 46. Bg2 Qg3
47. Qh5 Bg6 48. Qh1 Kf7 49. Qh3 Qxh3 50. Bxh3 Be4 51. Be6+ Ke7 52. Kf2 Kd8 53.
Ke2 Kc7 54. Kd2 Kb6 0-1

[Event "1st Niteroi Chess Open"]
[Site "Niteroi BRA"]
[Date "2019.09.07"]
[Round "6.5"]
[White "Cubas, Jo"]
[Black "Guimaraes, D."]
[Result "1-0"]
[WhiteElo "2482"]
[BlackElo "2296"]
[PlyCount "74"]
[EventDate "2019.09.04"]
[EventType "swiss"]
[EventRounds "7"]
[EventCountry "BRA"]
[SourceTitle "The Week in Chess 1298"]
[Source "Mark Crowther"]
[SourceDate "2019.09.23"]
[SourceVersion "1"]
[SourceVersionDate "2019.09.23"]
[SourceQuality "2"]

1. Nf3 d5 2. g3 Nf6 3. Bg2 Bf5 4. O-O e6 5. d3 Be7 6. Nh4 Bg4 7. h3 Bh5 8. f4
Nfd7 9. Nf3 Nc6 10. e4 dxe4 11. dxe4 Bxf3 12. Qxf3 e5 13. c3 a5 14. Rd1 Bc5+
15. Kh1 Qe7 16. Nd2 O-O-O 17. Nc4 Nb6 18. Nxb6+ Bxb6 19. Rd5 f6 20. Bd2 Qe6 21.
Re1 Ne7 22. fxe5 fxe5 23. Rxd8+ Rxd8 24. Bc1 Kb8 25. b3 Bc5 26. Rd1 Rxd1+ 27.
Qxd1 Nc8 28. Qd5 Qe7 29. h4 h6 30. Kh2 Nb6 31. Qg8+ Ka7 32. Bh3 Qd6 33. b4 axb4
34. cxb4 Bf2 35. Qb3 Be1 36. a3 Qd4 37. Be3 Qxe4 1-0

[Event "V Copel Masters Open 2019"]
[Site "Caioba BRA"]
[Date "2019.08.18"]
[Round "9.8"]
[White "Cubas, Jo"]
[Black "Federzoni, Enzo"]
[Result "1-0"]
[WhiteElo "2485"]
[BlackElo "2120"]
[PlyCount "110"]
[EventDate "2019.08.12"]
[EventType "swiss"]
[EventRounds "9"]
[EventCountry "BRA"]
[SourceTitle "The Week in Chess 1294"]
[Source "Mark Crowther"]
[SourceDate "2019.08.26"]
[SourceVersion "1"]
[SourceVersionDate "2019.08.26"]
[SourceQuality "2"]

1. e4 c5 2. Nf3 e6 3. d3 d5 4. Nbd2 Nc6 5. g3 g6 6. Bg2 Bg7 7. O-O Nge7 8. exd5
Nxd5 9. Ne4 b6 10. c4 Nde7 11. Bg5 O-O 12. Bf6 Bxf6 13. Nxf6+ Kg7 14. Ng4 h5
15. Ne3 Bb7 16. a3 Qd7 17. d4 cxd4 18. Nxd4 Nxd4 19. Bxb7 Qxb7 20. Qxd4+ Kh7
21. Qf6 Nc6 22. Rfd1 Rad8 23. b4 e5 24. Rd5 Rxd5 25. cxd5 Nd4 26. Kg2 Qc7 27.
Re1 Kg8 28. h3 Rc8 29. g4 hxg4 30. hxg4 Qd8 31. Qxd8+ Rxd8 32. Rc1 Rd7 33. Rc8+
Kg7 34. g5 Nf5 35. Ng4 Ne7 36. Nf6 Nxc8 37. Nxd7 Ne7 38. Nf6 Nf5 39. Kf3 Nd6
40. a4 Kf8 41. Nd7+ Ke7 42. Nxe5 Nf5 43. Ke4 Nd6+ 44. Kf4 Nf5 45. Nc4 Nd4 46.
Ke4 Nc2 47. b5 Nb4 48. Ne5 Na2 49. Kd4 Nc1 50. Nc4 Nb3+ 51. Ke5 Nc5 52. d6+ Ke8
53. Kd5 Nxa4 54. Kc6 Nc5 55. Kc7 a6 1-0

[Event "V Copel Masters Open 2019"]
[Site "Caioba BRA"]
[Date "2019.08.12"]
[Round "1.6"]
[White "Araujo, Ad"]
[Black "Cubas, Jo"]
[Result "0-1"]
[WhiteElo "2167"]
[BlackElo "2485"]
[PlyCount "94"]
[EventDate "2019.08.12"]
[EventType "swiss"]
[EventRounds "9"]
[EventCountry "BRA"]
[SourceVersionDate "2018.05.14"]

1. e4 e6 2. Nf3 d5 3. Nc3 Nf6 4. e5 Nfd7 5. Ne2 c5 6. c3 b6 7. d4 Ba6 8. g3 Nc6
9. a3 Be7 10. h4 h6 11. Bg2 Qc7 12. O-O g5 13. hxg5 hxg5 14. Re1 Rg8 15. b3
O-O-O 16. Be3 Kb8 17. Qd2 Na5 18. Nc1 g4 19. Nh2 cxd4 20. cxd4 Rc8 21. Ra2 Qc3
22. Qxc3 Rxc3 23. Bd2 Rc7 24. Bb4 Nc6 25. Bxe7 Nxe7 26. Rd2 Rc3 27. Bf1 Bxf1
28. Kxf1 Nf5 29. a4 Kb7 30. Kg2 Nb8 31. Ne2 Rxb3 32. Rc1 Rb4 33. a5 bxa5 34.
Rc5 Kb6 35. Rc1 Nc6 36. Rdc2 Nfxd4 37. Nxd4 Nxd4 38. Rc7 Rc4 39. R1xc4 dxc4 40.
Rxc4 Nc6 41. Nxg4 Kb5 42. Re4 a4 43. Ne3 Rd8 44. Nc2 Rd3 45. Ne1 Rc3 46. Nf3 a3
47. Re2 Rxf3 0-1

[Event "V Copel Masters Open 2019"]
[Site "Caioba BRA"]
[Date "2019.08.13"]
[Round "2.6"]
[White "Cubas, Jo"]
[Black "Filgueiras, Nathan Felipe"]
[Result "0-1"]
[WhiteElo "2485"]
[BlackElo "2260"]
[PlyCount "72"]
[EventDate "2019.08.12"]
[EventType "swiss"]
[EventRounds "9"]
[EventCountry "BRA"]
[SourceVersionDate "2018.05.14"]

1. d4 Nf6 2. Nf3 e6 3. e3 c5 4. Bd3 b6 5. O-O Bb7 6. b3 Be7 7. Bb2 O-O 8. Nbd2
d6 9. Qe2 Nbd7 10. c4 Re8 11. Rfd1 a6 12. h3 Qc7 13. Rac1 Rad8 14. Bb1 Qb8 15.
a3 Qa8 16. Qf1 Rc8 17. Re1 Red8 18. e4 cxd4 19. Nxd4 Bf8 20. Qe2 g6 21. Rcd1
Nh5 22. Qe3 Bg7 23. N2f3 Qb8 24. Re2 e5 25. Nc2 Nf4 26. Red2 Nc5 27. Nb4 Bh6
28. Kh2 Kg7 29. Rxd6 Nfd3 30. R6xd3 Nxd3 31. Rxd3 Bxe3 32. Rxe3 f6 33. Nd5 b5
34. Nd2 bxc4 35. Nxc4 Bxd5 36. exd5 Rxc4 0-1

[Event "V Copel Masters Open 2019"]
[Site "Caioba BRA"]
[Date "2019.08.13"]
[Round "3.11"]
[White "Librelato, Kathie Goulart"]
[Black "Cubas, Jo"]
[Result "0-1"]
[WhiteElo "2157"]
[BlackElo "2485"]
[PlyCount "120"]
[EventDate "2019.08.12"]
[EventType "swiss"]
[EventRounds "9"]
[EventCountry "BRA"]
[SourceVersionDate "2018.05.14"]

1. e4 e6 2. d4 d5 3. Nc3 Nf6 4. e5 Nfd7 5. f4 c5 6. Nf3 Nc6 7. Be3 Be7 8. Be2
O-O 9. O-O b6 10. Qd2 f5 11. exf6 Nxf6 12. Kh1 Bd7 13. Rae1 a6 14. Bg1 b5 15.
dxc5 b4 16. Nd1 Ne4 17. Qc1 Bxc5 18. Bxc5 Nxc5 19. Nf2 Qc7 20. Nd3 Ne4 21. Nfe5
Nxe5 22. Nxe5 Bb5 23. Bd3 Qa7 24. Qe3 Qxe3 25. Rxe3 Rac8 26. Kg1 Bxd3 27. cxd3
Nd2 28. Rd1 Rc2 29. Re2 Nf3+ 30. Kf2 Rxe2+ 31. Kxe2 Nxe5 32. fxe5 Rc8 33. Kd2
Kf7 34. Rf1+ Kg6 35. Rf4 a5 36. g3 Rc5 37. Rg4+ Kf7 38. h4 Rc7 39. Rf4+ Ke7 40.
Kd1 h5 41. Kd2 Rc8 42. Rf1 g5 43. Rf6 gxh4 44. gxh4 Rg8 45. Rh6 Rg2+ 46. Kc1
Kd7 47. Rxh5 Kc6 48. Rg5 Rh2 49. Rg6 Kc5 50. Rg5 d4 51. Rg8 Kd5 52. Ra8 Kxe5
53. Rxa5+ Kf4 54. Rb5 Ke3 55. Rxb4 e5 56. Rb3 e4 57. dxe4+ d3 58. Rxd3+ Kxd3
59. b4 Rxa2 60. h5 Kxe4 0-1

[Event "V Copel Masters Open 2019"]
[Site "Caioba BRA"]
[Date "2019.08.14"]
[Round "4.7"]
[White "Cubas, Jo"]
[Black "Martins, Ca1"]
[Result "1-0"]
[WhiteElo "2485"]
[BlackElo "2222"]
[PlyCount "83"]
[EventDate "2019.08.12"]
[EventType "swiss"]
[EventRounds "9"]
[EventCountry "BRA"]
[SourceVersionDate "2018.05.14"]

1. e4 c5 2. Nf3 Nc6 3. Nc3 e6 4. d4 cxd4 5. Nxd4 a6 6. Be2 Qc7 7. Be3 Nf6 8.
O-O d6 9. f4 Be7 10. Qe1 O-O 11. Qg3 Bd7 12. Rae1 Rac8 13. a3 b5 14. Nxc6 Bxc6
15. Bd4 Qb7 16. Bd3 b4 17. Nd1 bxa3 18. bxa3 Bb5 19. Ne3 Bxd3 20. cxd3 Qb5 21.
Nc4 Nh5 22. Qh3 d5 23. Nb6 Bc5 24. Nxc8 Bxd4+ 25. Kh1 g6 26. Ne7+ Kh8 27. f5
Qe8 28. fxg6 Qxe7 29. Qxh5 fxg6 30. Qg4 dxe4 31. Qxe4 e5 32. a4 Rxf1+ 33. Rxf1
Kg7 34. Rb1 Kh6 35. Qf3 Qd7 36. a5 Qc8 37. Qf6 Bb2 38. Qh4+ Kg7 39. Qb4 Bd4 40.
Qb7+ Qxb7 41. Rxb7+ Kh6 42. Rb6 1-0

[Event "V Copel Masters Open 2019"]
[Site "Caioba BRA"]
[Date "2019.08.15"]
[Round "6.5"]
[White "Cubas, Jo"]
[Black "Quintiliano Pinto, R."]
[Result "1-0"]
[WhiteElo "2485"]
[BlackElo "2455"]
[PlyCount "105"]
[EventDate "2019.08.12"]
[EventType "swiss"]
[EventRounds "9"]
[EventCountry "BRA"]
[SourceVersionDate "2018.05.14"]

1. e4 c5 2. Nc3 Nc6 3. f4 g6 4. Nf3 Bg7 5. Bb5 Nd4 6. O-O Nxb5 7. Nxb5 d5 8. e5
d4 9. c3 Bd7 10. Qe2 Qb6 11. a4 a6 12. Na3 Rd8 13. Nc4 Qc6 14. cxd4 cxd4 15. d3
b5 16. axb5 axb5 17. Na5 Qb6 18. b4 f6 19. Bb2 fxe5 20. fxe5 Bg4 21. Rac1 Nh6
22. h3 Bxf3 23. Rxf3 Qe6 24. Nc6 Rc8 25. Qe4 Nf7 26. Nxd4 Rxc1+ 27. Bxc1 Qb6
28. Qa8+ Nd8 29. Be3 Bxe5 30. Qd5 Bf6 31. Nxb5 Qc6 32. Qc4 Qxc4 33. dxc4 Nc6
34. Nc7+ Kd7 35. Nd5 Ne5 36. Nxf6+ exf6 37. Rxf6 Nxc4 38. Bc5 Ne5 39. Ra6 Nc4
40. Kf2 Kc7 41. Kf3 Ne5+ 42. Ke4 Nd7 43. Kd5 Rd8 44. Rc6+ Kb7 45. Rd6 Kc7 46.
b5 Rb8 47. b6+ Kc8 48. Bd4 Rb7 49. Rc6+ Kd8 50. Kd6 Rb8 51. Be3 Rb7 52. h4 h6
53. Rc7 1-0

[Event "V Copel Masters Open 2019"]
[Site "Caioba BRA"]
[Date "2019.08.16"]
[Round "7.2"]
[White "Hernandez Guerrero, G."]
[Black "Cubas, Jo"]
[Result "1-0"]
[WhiteElo "2547"]
[BlackElo "2485"]
[PlyCount "67"]
[EventDate "2019.08.12"]
[EventType "swiss"]
[EventRounds "9"]
[EventCountry "BRA"]
[SourceVersionDate "2018.05.14"]

1. e4 c5 2. Nc3 Nc6 3. Bb5 g6 4. Bxc6 dxc6 5. f4 Bg7 6. Nf3 Nf6 7. O-O O-O 8.
d3 b6 9. Qe1 Ne8 10. Be3 Nc7 11. Qh4 f6 12. Rad1 Nb5 13. Ne2 Qe8 14. c4 Nd6 15.
g4 Nf7 16. Kh1 Qd7 17. Rg1 e5 18. f5 g5 19. Qf2 Re8 20. h4 h6 21. Ng3 Kf8 22.
Nh5 Bh8 23. Rg2 a5 24. b3 Ke7 25. a3 Ba6 26. Rd2 Rg8 27. b4 axb4 28. axb4 Bb7
29. bxc5 Ra1+ 30. Rg1 Rxg1+ 31. Qxg1 b5 32. d4 exd4 33. Bxd4 Qc7 34. Qa1 1-0

[Event "14th American Continental"]
[Site "Sao Paulo BRA"]
[Date "2019.07.10"]
[Round "8.18"]
[White "Cubas, Jo"]
[Black "Palacio, I."]
[Result "1-0"]
[WhiteElo "2493"]
[BlackElo "2098"]
[PlyCount "63"]
[EventDate "2019.07.05"]
[EventType "swiss"]
[EventRounds "11"]
[EventCountry "BRA"]
[SourceTitle "The Week in Chess 1288"]
[Source "Mark Crowther"]
[SourceDate "2019.07.15"]
[SourceVersion "2"]
[SourceVersionDate "2019.07.21"]
[SourceQuality "2"]

1. d4 Nf6 2. Nc3 d6 3. e4 g6 4. f4 Bg7 5. Nf3 O-O 6. Bd3 Nc6 7. Be3 Ng4 8. Bg1
e5 9. d5 Nd4 10. h3 Nxf3+ 11. Qxf3 Nf6 12. fxe5 dxe5 13. Bc5 Re8 14. O-O c6 15.
Rad1 Qc7 16. Qf2 b6 17. Be3 cxd5 18. exd5 Rf8 19. Bg5 Ne8 20. d6 Nxd6 21. Nd5
Qb7 22. Nf6+ Bxf6 23. Qxf6 Qd5 24. Bxg6 Qe6 25. Rxd6 Qxf6 26. Rdxf6 hxg6 27.
Bh6 Ba6 28. R1f2 e4 29. Bxf8 e3 30. R2f3 Kxf8 31. Rxe3 Rd8 32. Rf2 1-0

[Event "14th American Continental"]
[Site "Sao Paulo BRA"]
[Date "2019.07.11"]
[Round "9.13"]
[White "Tomiello, Lucas Costamilan"]
[Black "Cubas, Jo"]
[Result "1/2-1/2"]
[WhiteElo "2133"]
[BlackElo "2493"]
[PlyCount "160"]
[EventDate "2019.07.05"]
[EventType "swiss"]
[EventRounds "11"]
[EventCountry "BRA"]
[SourceTitle "The Week in Chess 1288"]
[Source "Mark Crowther"]
[SourceDate "2019.07.15"]
[SourceVersion "2"]
[SourceVersionDate "2019.07.21"]
[SourceQuality "2"]

1. e4 e6 2. d4 d5 3. Nd2 a6 4. Ngf3 Nf6 5. Bd3 c5 6. exd5 Qxd5 7. dxc5 Nbd7 8.
b4 b6 9. Bc4 Qc6 10. a4 bxc5 11. b5 Qc7 12. Bb2 Be7 13. O-O O-O 14. Bd3 axb5
15. axb5 Bb7 16. c4 Ng4 17. h3 Nge5 18. Nxe5 Nxe5 19. Bxh7+ Kxh7 20. Qh5+ Kg8
21. Qxe5 Qxe5 22. Bxe5 f6 23. Bc3 Kf7 24. Rxa8 Rxa8 25. Ra1 Rxa1+ 26. Bxa1 e5
27. Bb2 Bc8 28. Ba3 Ke8 29. Ne4 Be6 30. Bxc5 Bxc4 31. Bxe7 Kxe7 32. b6 Bd5 33.
Nc5 Kd6 34. b7 Kc7 35. h4 Bxb7 36. Ne6+ Kd6 37. Nxg7 Bc8 38. Kh2 Ke7 39. Nh5
Kf7 40. Ng3 Kg6 41. f3 f5 42. f4 exf4 43. Ne2 Kh5 44. Kh3 f3 45. Nf4+ Kh6 46.
gxf3 Bb7 47. Kg3 Bc6 48. Kf2 Bb7 49. Ke3 Bc6 50. Ng2 Kh5 51. Kf4 Bd5 52. Kg3
Bb7 53. Nf4+ Kh6 54. Ne6 Kh5 55. f4 Ba6 56. Nd4 Bd3 57. Nf3 Ba6 58. Ne1 Bb5 59.
Nc2 Bd3 60. Ne3 Be4 61. Kh3 Bd3 62. Nd1 Be4 63. Nf2 Bb1 64. Nh1 Bc2 65. Ng3+
Kg6 66. Kg2 Bd1 67. Kf2 Bg4 68. Ke3 Bh3 69. Kd4 Bg4 70. Ke5 Bh3 71. Nxf5 Kh5
72. Kf6 Bg4 73. Ke5 Bh3 74. Ke4 Bg2+ 75. Ke5 Bh3 76. Kf6 Bg4 77. Ne3 Bh3 78.
Nf5 Bg4 79. Ne3 Bh3 80. Kg7 Kxh4 1/2-1/2

[Event "Zonal 2.5 2019"]
[Site "Montevideo URU"]
[Date "2019.04.15"]
[Round "4.1"]
[White "Cubas, Jo"]
[Black "Mareco, S."]
[Result "0-1"]
[WhiteElo "2505"]
[BlackElo "2651"]
[PlyCount "74"]
[EventDate "2019.04.13"]
[EventType "swiss"]
[EventRounds "9"]
[EventCountry "URU"]
[SourceTitle "The Week in Chess 1276"]
[Source "Mark Crowther"]
[SourceDate "2019.04.22"]
[SourceVersion "1"]
[SourceVersionDate "2019.04.22"]
[SourceQuality "2"]

1. e4 c5 2. Nf3 e6 3. d4 cxd4 4. Nxd4 Nc6 5. Nc3 Qc7 6. f4 a6 7. Nxc6 bxc6 8.
Bd3 d5 9. e5 c5 10. b3 Bb7 11. Qe2 Nh6 12. g4 c4 13. bxc4 Bb4 14. Bd2 Bxc3 15.
Bxc3 d4 16. Bb4 Bxh1 17. Kd2 Qb7 18. a3 Bf3 19. Qf2 Rd8 20. h3 Be4 21. Bd6 Bxd3
22. Kxd3 f6 23. Qxd4 fxe5 24. fxe5 Qf3+ 25. Kd2 Qg2+ 26. Kc3 Qxh3+ 27. Kb4 Nf7
28. Qe4 Qh2 29. Rd1 Nxd6 30. Qc6+ Kf7 31. exd6 Rb8+ 32. Kc3 Qe5+ 33. Rd4 Qe3+
34. Rd3 Qe1+ 35. Kd4 e5+ 36. Kd5 Qh1+ 37. Kc5 Rhc8 0-1

[Event "Zonal 2.5 2019"]
[Site "Montevideo URU"]
[Date "2019.04.16"]
[Round "6.5"]
[White "Cubas, Jo"]
[Black "Real de Azua, E."]
[Result "1-0"]
[WhiteElo "2505"]
[BlackElo "2474"]
[PlyCount "67"]
[EventDate "2019.04.13"]
[EventType "swiss"]
[EventRounds "9"]
[EventCountry "URU"]
[SourceTitle "The Week in Chess 1276"]
[Source "Mark Crowther"]
[SourceDate "2019.04.22"]
[SourceVersion "1"]
[SourceVersionDate "2019.04.22"]
[SourceQuality "2"]

1. e4 c6 2. d4 d5 3. e5 Bf5 4. Ne2 e6 5. Nf4 Ne7 6. Nc3 h6 7. g4 Bh7 8. Bd3
Bxd3 9. Qxd3 Nd7 10. Be3 a6 11. O-O-O Qc7 12. Nh5 b6 13. f4 c5 14. f5 c4 15.
Qf1 b5 16. Kb1 Qc6 17. Qf2 b4 18. Ne2 Nb6 19. Rhf1 c3 20. b3 a5 21. Nc1 a4 22.
fxe6 fxe6 23. Nd3 axb3 24. cxb3 c2+ 25. Qxc2 Qxc2+ 26. Kxc2 Rxa2+ 27. Kb1 Rxh2
28. Nc5 Rh3 29. Rde1 Ng6 30. Nxe6 Be7 31. Rc1 Nc4 32. bxc4 Rxe3 33. cxd5 Rb3+
34. Ka2 1-0

[Event "Zonal 2.5 2019"]
[Site "Montevideo URU"]
[Date "2019.04.18"]
[Round "8.7"]
[White "Cubas, Jo"]
[Black "Krysa, L."]
[Result "1/2-1/2"]
[WhiteElo "2505"]
[BlackElo "2498"]
[PlyCount "53"]
[EventDate "2019.04.13"]
[EventType "swiss"]
[EventRounds "9"]
[EventCountry "URU"]
[SourceTitle "The Week in Chess 1276"]
[Source "Mark Crowther"]
[SourceDate "2019.04.22"]
[SourceVersion "1"]
[SourceVersionDate "2019.04.22"]
[SourceQuality "2"]

1. e4 e5 2. Nf3 Nc6 3. d4 exd4 4. Nxd4 Nf6 5. Nc3 Bb4 6. Nxc6 bxc6 7. Bd3 O-O
8. O-O d5 9. exd5 Bg4 10. Be2 Bxe2 11. Nxe2 cxd5 12. Bg5 Rb8 13. Qd4 Rb6 14.
Nf4 Be7 15. Nd3 h6 16. Bf4 Ne4 17. c4 dxc4 18. Qxc4 Nd6 19. Qa4 Bf6 20. Nc5
Bxb2 21. Rad1 Re8 22. Qxa7 Qb8 23. Qxb8 Rbxb8 24. Na6 Rb7 25. Rd2 Ba3 26. Rd3
Re4 27. g3 1/2-1/2

[Event "Zonal 2.5 2019"]
[Site "Montevideo URU"]
[Date "2019.04.19"]
[Round "9.6"]
[White "Muniz, R."]
[Black "Cubas, Jo"]
[Result "1-0"]
[WhiteElo "2257"]
[BlackElo "2505"]
[PlyCount "95"]
[EventDate "2019.04.13"]
[EventType "swiss"]
[EventRounds "9"]
[EventCountry "URU"]
[SourceTitle "The Week in Chess 1276"]
[Source "Mark Crowther"]
[SourceDate "2019.04.22"]
[SourceVersion "1"]
[SourceVersionDate "2019.04.22"]
[SourceQuality "2"]

1. e4 c5 2. Nf3 Nc6 3. Bb5 e6 4. Bxc6 bxc6 5. e5 f6 6. O-O fxe5 7. Nxe5 Nf6 8.
c4 d6 9. Ng4 Be7 10. Nc3 O-O 11. d3 Rb8 12. Rb1 Kh8 13. Nxf6 gxf6 14. f4 f5 15.
Be3 Bf6 16. d4 d5 17. cxd5 exd5 18. Na4 Re8 19. Bf2 Ba6 20. Re1 Rxe1+ 21. Qxe1
Bd3 22. Rc1 c4 23. Qe6 Qe7 24. Qxc6 Qg7 25. Qc5 h5 26. Nc3 Rxb2 27. Nxd5 Rxf2
28. Qc8+ Kh7 29. Nxf6+ Qxf6 30. Qd7+ Kh6 31. Kxf2 Qb6 32. Re1 Be4 33. Rxe4 fxe4
34. Qd5 c3 35. Qg5+ Kh7 36. Qxh5+ Kg7 37. Qg5+ Kf7 38. Qd5+ Kf8 39. Qf5+ Kg7
40. Qd7+ Kf6 41. g4 c2 42. g5+ Kg6 43. Qe8+ Kf5 44. Qf8+ Ke6 45. Qc8+ Kd5 46.
Qxc2 Qxd4+ 47. Ke2 Qg1 48. Qd1+ 1-0

[Event "Zonal 2.5 2019"]
[Site "Montevideo URU"]
[Date "2019.04.13"]
[Round "1.7"]
[White "Cubas, Jo"]
[Black "Vazquez, Facundo"]
[Result "1/2-1/2"]
[WhiteElo "2505"]
[BlackElo "2009"]
[PlyCount "70"]
[EventDate "2019.04.13"]
[EventType "swiss"]
[EventRounds "9"]
[EventCountry "URU"]
[SourceTitle "The Week in Chess 1275"]
[Source "Mark Crowther"]
[SourceDate "2019.04.15"]
[SourceVersion "3"]
[SourceVersionDate "2019.04.16"]
[SourceQuality "2"]

1. e4 e6 2. d4 d5 3. Nc3 Bb4 4. exd5 exd5 5. Bd3 Nc6 6. a3 Bxc3+ 7. bxc3 Nf6 8.
Ne2 h6 9. O-O O-O 10. c4 dxc4 11. Bxc4 Bf5 12. Rb1 Rb8 13. Rb5 Qd7 14. Bd3 Bxd3
15. Qxd3 Rfe8 16. Be3 Nd5 17. Qb3 Nce7 18. Ra5 c6 19. Rxa7 Nc8 20. Ra5 b6 21.
c4 bxa5 22. Qxb8 Ncb6 23. Qg3 Nxe3 24. fxe3 Nxc4 25. Rf3 Nd2 26. Rf4 Qe7 27. e4
Nxe4 28. Qe3 Nd6 29. Qxe7 Rxe7 30. Kf2 Rb7 31. Rf3 Rb2 32. Re3 Nb5 33. Re8+ Kh7
34. Rb8 a4 35. Rb6 Ra2 1/2-1/2

[Event "Zonal 2.5 2019"]
[Site "Montevideo URU"]
[Date "2019.04.14"]
[Round "2.13"]
[White "Pinero, Ismael"]
[Black "Cubas, Jo"]
[Result "0-1"]
[WhiteElo "1872"]
[BlackElo "2505"]
[PlyCount "74"]
[EventDate "2019.04.13"]
[EventType "swiss"]
[EventRounds "9"]
[EventCountry "URU"]
[SourceTitle "The Week in Chess 1275"]
[Source "Mark Crowther"]
[SourceDate "2019.04.15"]
[SourceVersion "3"]
[SourceVersionDate "2019.04.16"]
[SourceQuality "2"]

1. e4 e6 2. d4 d5 3. Nc3 Nf6 4. e5 Nfd7 5. f4 c5 6. Nf3 Nc6 7. Be3 Be7 8. Be2
b6 9. O-O O-O 10. Kh1 Bb7 11. Qd2 f6 12. Rad1 fxe5 13. fxe5 cxd4 14. Nxd4 Rxf1+
15. Rxf1 Nf8 16. Bg4 Nxe5 17. Bxe6+ Nxe6 18. Nxe6 Qd6 19. Nd4 Nc4 20. Qc1 Qe5
21. Rf3 Re8 22. Nce2 Ba3 23. bxa3 Nxe3 24. c3 Ba6 25. Ng3 Ng4 26. Qg1 g6 27. h3
h5 28. Nf1 Nf6 29. Qf2 Ne4 30. Qc2 Bxf1 31. Rxf1 Ng3+ 32. Kg1 Qe3+ 33. Rf2 Ne4
34. Qe2 Nxf2 35. Qxf2 Kg7 36. Nb5 Qe1+ 37. Qf1 Qg3 0-1

[Event "Zonal 2.5 2019"]
[Site "Montevideo URU"]
[Date "2019.04.14"]
[Round "3.7"]
[White "Cubas, Jo"]
[Black "Lopez Azambuja, N."]
[Result "1-0"]
[WhiteElo "2505"]
[BlackElo "2328"]
[PlyCount "49"]
[EventDate "2019.04.13"]
[EventType "swiss"]
[EventRounds "9"]
[EventCountry "URU"]
[SourceTitle "The Week in Chess 1275"]
[Source "Mark Crowther"]
[SourceDate "2019.04.15"]
[SourceVersion "3"]
[SourceVersionDate "2019.04.16"]
[SourceQuality "2"]

1. Nc3 d5 2. d4 Nf6 3. Bg5 e6 4. e4 Bb4 5. e5 h6 6. exf6 hxg5 7. fxg7 Rg8 8. h4
gxh4 9. Qh5 Qf6 10. Nf3 Qxg7 11. Rxh4 Nc6 12. O-O-O Bxc3 13. bxc3 Bd7 14. Rf4
Qg6 15. Qh4 Qg7 16. Bb5 Rh8 17. Qg5 Qh6 18. Re1 a6 19. Bxc6 Bxc6 20. Qxh6 Rxh6
21. Ng5 Rg6 22. Nxf7 Ke7 23. Ne5 Rxg2 24. Rf7+ Kd6 25. c4 1-0